| 000 | 00917aam a2200373 4500 | ||
|---|---|---|---|
| 005 | 20250701084554.0 | ||
| 008 | 150413b2012 SP ||||| |||| 00| 0 spa d | ||
| 020 | _a97884790360003 | ||
| 041 | _aESP | ||
| 082 | _a611 G478a | ||
| 100 |
_aGilroy, Anne M. _924486 |
||
| 100 | _aMacPherson, Brian R. | ||
| 100 | _aRoss, Lawrence M. | ||
| 245 | _aAtlas de Anatomía | ||
| 260 | _aMéxico | ||
| 260 | _bEditorial Médica Panamericana | ||
| 260 | _c2008 | ||
| 300 | _a656 páginas | ||
| 300 | _bIlustraciones a color | ||
| 490 | _aPROMETHEUS | ||
| 490 | _aMecánica Dental | ||
| 650 | _aANATOMIA HUMANA | ||
| 650 | _aHUESOS | ||
| 650 | _aMÚSCULOS | ||
| 650 | _aARTERIAS Y NERVIOS | ||
| 650 | _aCABEZA Y CUELLO | ||
| 650 | _aNEUROANATOMÍA | ||
| 650 | _aCARA | ||
| 650 | _aCRANEO | ||
| 650 | _aMEDIASTINO | ||
| 650 | _aPARED TORÁCICA | ||
| 650 | _aABDOMEN Y PELVIS | ||
| 942 |
_cBK _2ddc |
||
| 999 |
_c4514 _d4514 |
||